000 00618nam a22001337a 4500
999 _c525935
_d525935
008 240425b ||||| |||| 00| 0 eng d
100 _aChakraborty, Srabani
_944701
245 _aEnforcing social standards? Regional elites and local society in early medieval Western India
260 _aSocial Scientist
300 _a52(1-2), Jan-Feb, 2024: p.61-74
520 _aThe rise of far right in India at present has created an atmosphere of growing cow vigilantism causing havoc in the lives and livelihood of minorities, especially Muslims and Dalits. – Reproduced
773 _aSocial Scientist
942 _cAR